00689nam a2200217 a 4500008004100000020003000041040001500071100003200086245006500118250003300183260004100216300005400257336002600311337002800337338002700365500002000392650001900412650002200431003000100453005001700454  a9780321735522 (paperback) aNUSTcNUST1 aMarieb, Elaine N.,aauthor.10aEssentials of human anatomy & physiology/c Elaine N Marieb. aTenth International edition. aBoston :bBenjamin Cummings, c2012. axxiv, 632 pages :bcolour illustrations ;c28 cm. atextbtxt2rdacontent aunmediatedbn2rdamedia avolumebnc2rdacarrier aIncludes index. 1aHuman anatomy. aHuman physiology.20231005190951.0